000 00694nam a2200241Ia 4500
003 OSt
005 20220925202145.0
006 a|||||r|||| 00| 0
007 ta
008 220923b |||||||| |||| 00| 0 eng d
037 _cGeneral Book
040 _aRTL
_cRTL
_beng
041 _2eng
_aeng
082 _aY72:47.23.N8, M7
100 _aHardiman David
245 0 _aComing of the devi
_b Adivasi assertion in Western India
260 _aDelhi
_bOxfrod University Press
_c1987
300 _ax, 248p
_ccm.
500 _aBibiliography: P 221-38
650 _aTribes
_940733
942 _hY72:47.23.N8, M7
_cGB
_2CC
999 _c542627
_d542627